000 010350am a2200265 004500
003 EG-GiCUC
008 070414s1992 le a g d 001 0 ara d
040 _aEG-GiCUC
_bara
_cEG-GiCUC
050 4 _aPJ6106.
_bD31 1992
092 0 4 _a415.103
_bD129 1992
_221
099 _a04
_a415.103 D129 1992
100 1 _aالدحداح : انطوان
245 1 0 _aمعجم قواعد اللغة العربية :
_bفى جداول ولوحات /
_cانطوان الدحداح ؛ راجعة جورج مترى عبد المسيح
250 _aط5 ؛ منقحة و مزودة
260 _aلبنان :
_bمكتبة لبنان :
_c1992
300 _a335ص :
_bايض ؛
_c36سم
500 _aيشتمل على كشافات
504 _aيشتمل على ارجاعات ببليوجرافية (ص322-324)
650 7 _aاللغة العربية
_xالنحو
_vمعاجم
_2qrmak
700 1 _aعبد المسيح : جورج مترى
902 _a1
905 _aامنية
_eمدخل
905 _aرضا
_eمراجع
942 _2ddc
_cREF
999 _c94745
_d94745